| 000 | 00000nas##2200000za#4500 |
| 001 | 9.513036 |
| 003 | CaOODSP |
| 005 | 20200325130202 |
| 007 | ta |
| 008 | 150406c1996||||xxc|| m #||||f| |0fre|d |
| 022 | |a0830-0453 |
| 040 | |aCaOODSP|bfre |
| 043 | |an-cn--- |
| 086 | 1 |aFo46-17F |
| 110 | 1 |aCanada.|bRessources naturelles Canada. |bService canadien des forêts. |
| 245 | 10|aRapport d'information. [Série BC-X] / |cPublié par le Centre de foresterie du Pacifique. |
| 260 | |aVictoria - Colombie Britannique : |bRessources naturelles Canada. |c[1985?]--. |
| 362 | 1 |a[BC-X-268?]-- |
| 500 | |aDonnées de catalogage avant publication (Canada) imprimées dans ces publications. Exemplaires de ces publications se vendent en photocopie ou en microfiche auprès de MicroMedia Global Information Centre. |
| 520 | 3 |aCette série de rapports techniques fournit de l’information liée à la foresterie. On y traite entre autres de l’utilisation d’une méthode de reconnaissance individuelle des cimes d’arbres afin d’extraire l’information forestière à partir d’images à haute résolution spatiale, de la structure de peuplement et de la composition taxinomique dans l’île de Vancouver ainsi que de l’impact potentiel des ravageurs forestiers exotiques en Amérique du Nord. |
| 563 | |aCouverture souple |
| 775 | 08|tInformation report. [BC-X series] / |w(CaOODSP)9.514663 |
| 776 | 0#|tRapport d'information. [Série BC-X] / |w(CaOODSP)9.501541 |